La parola ebreo /

সংরক্ষণ করুন:
গ্রন্থ-পঞ্জীর বিবরন
প্রধান লেখক: Loy, Rosetta (লেখক)
বিন্যাস: গ্রন্থ
ভাষা:ইতালিয়
প্রকাশিত: Milano : CDE, stampa 1997
ট্যাগগুলো: ট্যাগ যুক্ত করুন
কোনো ট্যাগ নেই, প্রথমজন হিসাবে ট্যাগ করুন!

MARC

LEADER 00000nam a22000007i 4500
001 IT\ICCU\UM1\0055524
003 ItRI
005 20250102104323.0
008 030130s1997 it |||||| ||||| |||||c
040 |b ita  |c Arcigay Rimini  
041 7 |a ita  |2 ISO-639-2 
082 |a 853.914  |2 21 
100 1 |a Loy, Rosetta  |0 IT\ICCU\CFIV\047082  |4 aut 
245 1 3 |a La parola ebreo /  |c Rosetta Loy. 
260 |a Milano :  |b CDE,  |c stampa 1997 
300 |a 156 p. ;  |c 21 cm. 
942 |2 ddc  |c BK 
952 |0 0  |1 0  |2 ddc  |4 0  |6 853_914000000000000_LOY_LAP  |7 1  |9 2662  |a RN  |b RN  |d 2025-01-02  |l 0  |o  853.914 LOY LAP  |p 10075  |r 2025-01-02 10:43:46  |w 2025-01-02  |y BK 
981 1 |6 z01  |a i   |b xxxe  
982 1 |6 z01  |a n 
999 |c 2297  |d 2297